| 000 | 00697nam a2200241Ia 4500 | ||
|---|---|---|---|
| 003 | OSt | ||
| 005 | 20220918222353.0 | ||
| 006 | a|||||r|||| 00| 0 | ||
| 007 | ta | ||
| 008 | 220917b |||||||| |||| 00| 0 eng d | ||
| 024 | _a216,679 | ||
| 037 | _cTextual | ||
| 040 |
_aARTS _cARTS _beng |
||
| 041 |
_2eng _aeng |
||
| 082 | _aX6291:6.4.N, P1 | ||
| 100 |
_aBlustein Paul _9142980 |
||
| 245 | 0 |
_aChastening _b inside the crisis that rocked the global financial system and humbled the IMF |
|
| 260 |
_aNew York _bPublic Affairs _c2001 |
||
| 300 |
_axvi, 431p _ccm. |
||
| 650 | _aECONOMICS | ||
| 942 |
_hX6291:6.4.N, P1 _cTEXL _2CC |
||
| 999 |
_c275350 _d275350 |
||